02022nam a22002657a 4500008004100000020001800041040000800059041000800067050002600075245006700101246008800168246004700256246004400303247006800347247006500415260005600480300004100536490002400577520101600601650002801617650002801645650001601673650002601689710004101715251111b |||||||| |||| 00| 0 eng d a9781633696846 ctbs aeng aTA347.A78 bH456 2018 aHBR's 10 must reads on AI, analytics, and the new Machine Age. aHarvard Business Review's ten must reads on AI, analytics, and the new Machine Age. aOn AI, analytics, and the new Machine Age. aAI, analytics, and the new Machine Age. aOn artificial intelligence, analytics, and the new Machine Age. aArtificial intelligence, analytics, and the new Machine Age. aBoston, MA :bHarvard Business Review Press,c2019. a181 pages :billustrations ;c21 cm. aHBR's 10 must reads aIntelligent machines are revolutionizing business. Machine learning and data analytics are powering a wave of groundbreaking technologies. Is your company ready? If you read nothing else on how intelligent machines are revolutionizing business, read these 10 articles. We've combed through hundreds of Harvard Business Review articles and selected the most important ones to help you understand how these technologies work together, how to adopt them, and why your strategy can't ignore them. In this book you'll learn how: Data science, driven by artificial intelligence and machine learning, is yielding unprecedented business insights; Blockchain has the potential to restructure the economy; Drones and driverless vehicles are becoming essential tools; 3-D printing is making new business models possible; Augmented reality is transforming retail and manufacturing; Smart speakers are redefining the rules of marketing; Humans and machines are working together to reach new levels of productivity. 0aArtificial Intelligence 0aDisruptive technologies 0aData mining 0aIndustrial management aHarvard Business Review Press (Firm)